Eksport w okresie realizacji programu stabilizacji - uwarunkowania systemowe.
Hlavné ciele poľského ekonomického programu. Východisko pre zmeny systému regulácie. Základné systémové úpravy vývozu v stabilizačnom programe. Vecné efekty vo vývoze v roku 1990. Fungovanie systému vývozu v roku 1991.
Enregistré dans:
| Auteur principal: | |
|---|---|
| Format: | Chapitre de livre |
| Langue: | polonais |
| Sujets: | |
| Tags: |
Pas de tags, Soyez le premier à ajouter un tag!
|
MARC
| LEADER | 00000naa a2200000 4500 | ||
|---|---|---|---|
| 001 | r007200 | ||
| 005 | 20221125123115.8 | ||
| 041 | 0 | |a pol | |
| 044 | |a PL | ||
| 245 | 1 | 0 | |a Eksport w okresie realizacji programu stabilizacji - uwarunkowania systemowe. |c J. Sobota |
| 520 | |a Hlavné ciele poľského ekonomického programu. Východisko pre zmeny systému regulácie. Základné systémové úpravy vývozu v stabilizačnom programe. Vecné efekty vo vývoze v roku 1990. Fungovanie systému vývozu v roku 1991. | ||
| 610 | 2 | 0 | |a kurz menový |
| 610 | 2 | 0 | |a liberalizácia |
| 610 | 2 | 0 | |a vývoz |
| 610 | 2 | 0 | |a PR |
| 610 | 2 | 0 | |a 1990-1991 |
| 610 | 2 | 0 | |a programy vládne |
| 100 | 1 | |a Sobota, J. | |